| 000 | 00348nam a2200121Ia 4500 | ||
|---|---|---|---|
| 008 | 230907s9999||||xx |||||||||||||| ||und|| | ||
| 082 | _a616.07575,GUP | ||
| 100 |
_aGupta, K. Tapan. _9115201 |
||
| 245 | 0 | _aRadiation, ionization, and detection in nuclear medicine / | |
| 260 |
_aSpringer, _bNew York : _c2013 |
||
| 300 | _axvi, 516 p.: | ||
| 942 | _cBK | ||
| 999 |
_c597829 _d597829 |
||